Linguistics : (Record no. 6204)

MARC details
000 -LEADER
fixed length control field 01494cam a22002534a 4500
020 ## - INTERNATIONAL STANDARD BOOK NUMBER
ISBN 9780521849487
020 ## - INTERNATIONAL STANDARD BOOK NUMBER
ISBN 0521849489
020 ## - INTERNATIONAL STANDARD BOOK NUMBER
ISBN 9780521614788
020 ## - INTERNATIONAL STANDARD BOOK NUMBER
ISBN 0521614783
050 00 - CALL NUMBER
Classification number P121
Item number .L63
100 ## - AUTHOR
Personal name Radford Andrew (ed.)
245 00 - TITLE
Title Linguistics :
Remainder of title an introduction /
Statement of responsibility, etc Andrew Radford, Martin Atkinson, David Britain, Harald Clahsen & Andrew Spencer
250 ## - EDITION
Edition statement Second edition.
260 ## - PUBLICATION INFORMATION
Place of publication New York
Name of publisher Cambridge University Press
Year of publication 2009
300 ## - DESCRIPTION
Number of Pages xv, 433 pages :
Other physical details illustrations ;
Dimensions 26 cm.
500 ## - NOTES
General note Includes Index
505 ## - FORMATTED CONTENTS NOTE
Table of Content Introduction; Part I. Sounds: 1. Introduction; 2. Sounds and suprasegmentals; 3. Sound variation; 4. Sound change; 5. Phonemes, syllables and phonological processes; 6. Child phonology; 7. Processing sounds; Part II. Words: 8. Introduction; 9. Word classes; 10. Building words; 11. Morphology across languages; 12. Word meaning; 13. Children and words; 14. Lexical processing and the mental lexicon; 15. Lexical disorders; 16. Lexical variation and change; Part III. Sentences: 17. Introduction; 18. Basic terminology; 19. Sentence structure; 20. Empty categories; 21. Movement; 22. Syntactic variation; 23. Sentence meanings and logical form; 24. Children's sentences; 25. Sentence processing; 26. Syntactic disorders; 27. Using sentences.
650 #0 - SUBJECTS
Topical Term Lingüística.
700 1# - OTHER AUTHORS
Personal name Atkinson Martin(ed.)
700 1# - OTHER AUTHORS
Personal name Britain David(ed.)
700 1# - OTHER AUTHORS
Personal name Clahsen Harald(ed.)
700 1# - OTHER AUTHORS
Personal name Spencer Andrew(ed.)
942 ## - ADDED ENTRY ELEMENTS (KOHA)
Koha item type Books
Holdings
Withdrawn status Lost status Collection code Home library Current library Shelving location Date acquired Full call number Accession Number Koha item type
    Reference Methodist University Library Main Methodist University Library Main General Stacks 12/02/2013 P121 .L63 38410 Books
Copyright © 2026  MUG Library